000 01081nam a22002537a 4500
005 20240530110545.0
008 160207s2013 ua ado g b 000 0 ara d
017 _a2012/3679
_bمصر . دار الكتب المصرية
020 _a9789773289278
040 _aEG-CaGPL
082 0 4 _221
_a155.4\
_bهـ أ
100 0 _aهند ابراهيم عبدالرسول عبدالواحد
245 1 0 _aاضطراب قلق الانفصال :
_b( الام - الطفل ) /
_cتاليف هند ابراهيم عبدالرسول عبدالواحد ؛ تقديم عبدالفتاح على غزال
260 _aالقاهرة :
_bدار الجامعة الجديدة ،
_c2013 .
300 _a341 ص :
_bايض ؛
_c24 سم .
504 _aيشتمل على ارجاعات ببليوجرافية
650 0 4 _aالقلق
650 0 4 _aالانفصال
650 0 4 _aالاطفال
_xرعاية
650 0 4 _aالاطفال
_xالعناية الصحية
700 0 _aعبدالفتاح على غزال
_eمقدم
942 _2ddc
_cBK
999 _c62339
_d62339